Taylor Swift - Paroles Ruin the Friendship - Statistiques

Statistiques générales
  • Ce quiz a été pris 42 fois
    34 depuis la dernière actualisation
  • Le résultat moyen est 254 sur 322
Statistiques - réponses
Hint Réponse % Correct
a
100%
friends
100%
friendship
100%
I
100%
(Mm,
100%
mm)
100%
ruin
100%
the
100%
You
100%
you
100%
an
95%
and
95%
Refrain And
95%
(and
95%
is
95%
it
95%
Refrain It
95%
(it
95%
me
95%
my
95%
Post-refrain My
95%
ooh
95%
to
95%
Abigail
90%
advice
90%
always
90%
bad
90%
But
90%
called
90%
for
90%
in
90%
never
90%
news
90%
so
90%
time
90%
your
90%
Your
90%
anyway
86%
anyway,
86%
(Anyway)
86%
anyway,"
86%
(Anyway),
86%
at
86%
convenient,
86%
convenient
86%
(Convenient),
86%
grave
86%
invitation
86%
(Invitation)
86%
kissed
86%
no
86%
not
86%
not)
86%
of
86%
should
86%
that
86%
was
86%
Couplet 3 When
86%
whispered
86%
with
86%
With
86%
all
81%
flew
81%
good
81%
home
81%
left
81%
much
81%
regret
81%
say
81%
Should've
81%
"Should've
81%
85
76%
away
76%
Better
76%
from
76%
girlfriend
76%
Goodbye
76%
know
76%
life
76%
lost
76%
school,
76%
September
76%
than
76%
track
76%
why
76%
as
71%
best
71%
drive
71%
It's
71%
50
67%
answer
67%
Cent
67%
Have
67%
look
67%
played
67%
played)
67%
question
67%
song
67%
(song
67%
we'll
67%
been
62%
Bridge Don't
62%
grass
62%
off,
62%
period
62%
safe,
62%
Staying
62%
we've
62%
ask
57%
awkward
57%
doesn't
57%
hey
57%
lately,
57%
looking
57%
make
57%
mean
57%
prom
57%
see
57%
smile
57%
brother's
52%
ex
52%
fun
52%
Couplet 1 Glistening
52%
Might
52%
mistake
52%
Over
52%
piss
52%
Road
52%
second
52%
shoulder,
52%
wrist
52%
catch
48%
cheap
48%
corsage
48%
everything
48%
glimpse
48%
Jeep
48%
rain
48%
Would've
48%
ball
43%
Beach
43%
Disco
43%
feet
43%
full
43%
Gray
43%
his
43%
makes
43%
Miles
43%
names
43%
neon
43%
Watching
43%
game
38%
underneath
38%
wide
38%
floors
29%
Gallatin
29%
Lakeside
29%
overpass
29%
dangles
24%
Couplet 2 Shiny
24%
Wilted
24%
wood
24%
Aucun quiz correspondant
Distribution des résultats
% des personnes avec chaque résultat
Percentile par nombre de réponses
Votre historique - résultats
Vous n’avez pas pris ce quiz depuis la dernière actualisation